[Event "Zagreb op-B"]
[Site "Zagreb"]
[Date "2011.04.11"]
[Round "1"]
[White "Plesnik, Hrvoje"]
[Black "Mihalinec, Damir"]
[Result "0-1"]
[WhiteElo "1991"]
[BlackElo "2238"]
[PlyCount "120"]
[EventDate "2011.04.11"]
[EventType "swiss"]
[EventRounds "9"]
[EventCountry "CRO"]
[SourceTitle "CBM 141 Extra"]
[Source "ChessBase"]
[SourceDate "2011.05.03"]
[SourceVersion "1"]
[SourceVersionDate "2011.05.03"]
[SourceQuality "1"]

1. d4 Nf6 2. c4 g6 3. Nc3 d5 4. cxd5 Nxd5 5. e4 Nxc3 6. bxc3 Bg7 7. Bb5+ c6 8. Ba4 0-0 9. Ne2 Nd7 10. 0-0 Qa5 11. e5 Rd8 12. f4 Nc5 13. Bc2 Bg4 14. Bd2 Qa6 15. Rf2 Nd3 16. Bxd3 Qxd3 17. h3 Be6 18. Rf3 Qa6 19. Ng3 c5 20. Be3 Rac8 21. Qe1 cxd4 22. Bxd4 Rc4 23. f5 Bd5 24. Rf2 Ra4 25. Qe3 Qc6 26. Qg5 f6 27. exf6 Bxf6 28. Bxf6 exf6 29. Qh6 Bf7 30. fxg6 hxg6 31. Raf1 Rd6 32. Qe3 Kg7 33. Qe7 Re6 34. Qd8 Qb6 35. Qxb6 Rxb6 36. Rc1 Bxa2 37. Ra1 Bb3 38. Rxa4 Bxa4 39. Ra2 Rb1+ 40. Kf2 b5 41. Ne4 Rc1 42. Ke3 f5 43. Nc5 Rxc3+ 44. Kd4 Rc4+ 45. Kd5 Rc2 46. Ra3 Rxg2 47. Nxa4 Rd2+ 48. Ke5 bxa4 49. Rxa4 Rd7 50. h4 Re7+ 51. Kd6 Rf7 52. Rf4 Kf6 53. Rf1 Rh7 54. Rf4 Re7 55. Rf1 Re6+ 56. Kd5 a5 57. Rh1 f4 58. Kd4 Re5 59. Rg1 f3 60. Rf1 Rf5 0-1

[Event "Pula op 15th"]
[Site "Pula"]
[Date "2001.05.18"]
[Round "1"]
[White "Kutuzovic, Branko"]
[Black "Plesnik, Hrvoje"]
[Result "1-0"]
[WhiteElo "2414"]
[BlackElo "2063"]
[PlyCount "91"]
[EventDate "2001.05.18"]
[EventType "swiss"]
[EventRounds "9"]
[EventCountry "CRO"]
[SourceTitle "CBM 082 Extra"]
[Source "ChessBase"]
[SourceDate "2001.07.03"]
[SourceVersion "1"]
[SourceVersionDate "2001.07.03"]
[SourceQuality "1"]

1. Nc3 d5 2. e4 dxe4 3. Nxe4 Bf5 4. Ng3 Bg6 5. Nf3 Nd7 6. Bc4 e6 7. 0-0 Bd6 8. d4 c6 9. Qe2 Qc7 10. Ng5 0-0-0 11. c3 h5 12. h3 h4 13. N3e4 Bh2+ 14. Kh1 Ngf6 15. f4 Nxe4 16. Nxe4 Bxe4 17. Qxe4 Nf6 18. Qf3 Bg3 19. b4 Nd5 20. Bd2 f6 21. Be1 g5 22. Bxd5 cxd5 23. Bxg3 hxg3 24. fxg5 f5 25. Rae1 Qd6 26. Qf4 Rh5 27. Re5 Rg8 28. Rxf5 Qxf4 29. R5xf4 Rhxg5 30. Kg1 e5 31. Rf8+ Rxf8 32. Rxf8+ Kc7 33. dxe5 Rxe5 34. Kf1 Kc6 35. Rf3 Rg5 36. Ke2 Kb5 37. Kd3 b6 38. Rf4 a5 39. bxa5 bxa5 40. a4+ Kc5 41. Rg4 Rf5 42. Rxg3 Rf1 43. h4 Rf4 44. h5 Rxa4 45. h6 Rh4 46. Rh3 1-0

[Event "Pula op 13th"]
[Site "Pula"]
[Date "1999.06.01"]
[Round "4"]
[White "Vukelic, Tomislav"]
[Black "Plesnik, Hrvoje"]
[Result "1/2-1/2"]
[WhiteElo "2319"]
[BlackElo "2070"]
[PlyCount "105"]
[EventDate "1999.05.??"]
[EventType "swiss"]
[EventRounds "9"]
[EventCountry "CRO"]
[SourceTitle "EXT 2000"]
[Source "ChessBase"]
[SourceDate "1999.11.16"]
[SourceVersion "1"]
[SourceVersionDate "1999.11.16"]
[SourceQuality "1"]

1. Nf3 d5 2. c4 c6 3. e3 Nf6 4. Nc3 Nbd7 5. d4 dxc4 6. Bxc4 Nb6 7. Bb3 Bg4 8. Bxf7+ Kxf7 9. Ne5+ Kg8 10. Nxg4 e6 11. 0-0 Bd6 12. e4 Nxg4 13. Qxg4 Qe8 14. Bf4 h5 15. Qf3 Bxf4 16. Qxf4 Qg6 17. a4 h4 18. a5 Rf8 19. Qe3 Nc4 20. Qe2 Rf4 21. f3 h3 22. g3 Nd6 23. a6 b5 24. Qe3 Rf7 25. b3 Rh5 26. Ne2 Ne8 27. Rac1 e5 28. f4 exd4 29. Nxd4 c5 30. Nxb5 Qxa6 31. Qe2 Rh6 32. Nc3 Qb6 33. Qb5 Qe6 34. Qc4 Qg4 35. e5 Nc7 36. f5 Qxc4 37. bxc4 Rh5 38. Nd5 Nxd5 39. cxd5 Rfxf5 40. Rxf5 Rxf5 41. Re1 Kf7 42. Re4 g5 43. e6+ Ke8 44. d6 Rd5 45. d7+ Ke7 46. Kf2 a5 47. Kf3 a4 48. Rxa4 Kxe6 49. Kg4 Kxd7 50. Kxh3 Rd4 51. Rxd4+ cxd4 52. Kg4 Ke6 53. h4 1/2-1/2

[Event "Pula op 13th"]
[Site "Pula"]
[Date "1999.05.29"]
[Round "1"]
[White "Plesnik, Hrvoje"]
[Black "Rukavina, Josip"]
[Result "0-1"]
[WhiteElo "2070"]
[BlackElo "2426"]
[PlyCount "120"]
[EventDate "1999.05.??"]
[EventType "swiss"]
[EventRounds "9"]
[EventCountry "CRO"]
[SourceTitle "EXT 2000"]
[Source "ChessBase"]
[SourceDate "1999.11.16"]
[SourceVersion "1"]
[SourceVersionDate "1999.11.16"]
[SourceQuality "1"]

1. d4 d6 2. c4 g6 3. Nc3 Bg7 4. e4 e5 5. Nf3 Bg4 6. d5 Nd7 7. h3 Bxf3 8. Qxf3 h5 9. Be3 Bh6 10. 0-0-0 Bxe3+ 11. Qxe3 a5 12. Bd3 Nc5 13. f4 exf4 14. Qxf4 Qf6 15. Rhf1 Qxf4+ 16. Rxf4 Nh6 17. Bc2 0-0 18. Ba4 Kg7 19. Rf3 f5 20. exf5 Nxf5 21. Rdf1 Ne3 22. Rxf8 Rxf8 23. Rxf8 Kxf8 24. Bc2 Kf7 25. Nb5 Na6 26. c5 Nxc5 27. Nxc7 g5 28. g3 Kf6 29. h4 gxh4 30. gxh4 Ng2 31. Ne8+ Ke5 32. Ng7 Nxh4 33. Nxh5 Kxd5 34. Nf4+ Kd4 35. Ne2+ Ke5 36. a3 Nf3 37. Nc3 d5 38. b4 axb4 39. axb4 Na6 40. Na2 Kd4 41. Bf5 b6 42. Bc8 Nc7 43. Bb7 Kc4 44. Kb2 Ne1 45. Bc6 Nd3+ 46. Ka3 b5 47. Bb7 Ne1 48. Kb2 d4 49. Kc1 Nd3+ 50. Kd2 Nxb4 51. Nc1 Ne6 52. Ne2 Nc5 53. Bg2 Nb3+ 54. Kd1 Nd5 55. Bxd5+ Kxd5 56. Kc2 Nc5 57. Ng3 b4 58. Kb2 Kc4 59. Kc2 b3+ 60. Kb2 Kb4 0-1